[Event "Lichtenrader Herbst 2018"]
[Site "Berlin"]
[Date "2018.10.31"]
[Round "5"]
[White "Polatel, Ali"]
[Black "Rakotomaharo, Fy Antenaina"]
[Result "0-1"]
[WhiteElo "2214"]
[BlackElo "2422"]
[Annotator "TA"]
[PlyCount "144"]
[EventDate "2018.10.27"]
[EventType "swiss"]
[EventCountry "GER"]
[SourceTitle "playchess.com"]
[Source "ChessBase"]
[SourceQuality "1"]

{[%evp 22,144,57,28,79,90,90,79,83,72,72,79,104,81,111,100,105,106,104,102,102,110,106,25,13,20,17,0,0,-12,-13,-29,39,30,38,27,72,46,125,64,64,66,54,3,2,25,46,72,86,22,32,17,18,24,17,0,147,-108,-116,-103,-110,-177,-127,-205,-233,-323,-209,-185,-213,-354,-197,-188,0,0,0,-224,-225,-276,-257,-463,-352,-360,-368,-306,-300,-422,-434,-408,-406,-406,-370,-407,-389,-448,-453,-485,-485,-470,-490,-545,-532,-629,-600,-636,-633,-621,-606,-635,-620,-577,-457,-817,-809,-1028,-850,-1598,-1007,-2140,-1940,-3138,-3148,-2901,-2825,-2220,-1946]} 1. Nf3 d5 2. d4 Nf6 3. c4 e6 4. g3 Be7 5. Bg2 O-O 6. O-O c6 7. Qc2 b6 8. Rd1 Bb7 9. b3 Nbd7 10. Nc3 Rc8 11. e4 h6 12. Bb2 {LiveBook: 13 Games. E08: Closed Catalan: Main Line: 7 Qc2} Bb4 (12... dxe4 $11 13. Ne5 e3) 13. e5 $16 Ne8 14. Ne1 $146 {White is better.} ({Predecessor:} 14. Ne2 Be7 15. Nf4 Nc7 16. Ne1 {0-1 (71) Oatlhotse,P (2188)-Lenic,L (2656) Batumi 2018}) 14... Nc7 15. Nd3 Be7 16. Rac1 Ba6 17. Nf4 dxc4 18. Bxc6 Bg5 19. Ba3 Bxf4 20. gxf4 Qh4 21. Bxf8 (21. Bxd7 $6 Qg4+ 22. Kh1 Qf3+ 23. Kg1 Qg4+ 24. Kh1 Qf3+ 25. Kg1 Qg4+ $11) 21... Nxf8 22. b4 (22. bxc4 $16 Bxc4 23. Ne4) 22... Nd5 $11 23. Bxd5 exd5 24. f5 {[%cal Bf4f5,Bf5f6][%mdl 32]} Qg4+ 25. Kf1 Rd8 26. f3 Qh3+ (26... Qh5 $1 $11) 27. Kg1 $14 Bc8 28. f6 $1 Ng6 29. Qg2 Qh4 (29... gxf6 $14 30. Qxh3 (30. exf6 Qh4 $11) 30... Bxh3) 30. Qg3 (30. fxg7 $16 Nf4 31. Qg3) 30... gxf6 31. Qxh4 Nxh4 32. f4 (32. Kf2 $14) 32... Bg4 $11 33. Rf1 $36 {[%mdl 2048] White has some pressure.} Nf5 34. Kf2 {Rg1 is the strong threat.} Kf8 35. Rg1 ({Of course not} 35. exf6 $6 Nxd4 36. Rg1 Bh5 $11) ({Better is} 35. h3 $1 $16 {[%cal Rh3g4]} Bh5 36. Rc2 (36. exf6 Nxd4 37. Rfe1 Nc6 $11)) 35... Bh5 $1 36. exf6 {aiming for Rge1.} Nxd4 37. Rge1 Nc6 $1 {[%cal Rc6b4]} 38. a3 {And now b5 would win.} a6 (38... d4 $11 {keeps the balance.}) 39. f5 $2 {[%mdl 8192]} (39. Re3 $16) 39... b5 $1 $17 40. Re3 {[#] Black must now prevent Rh3.} Bg4 $1 41. Rg1 (41. Rg3 $17 {is a better defense.} Bxf5 42. Rcg1) 41... Bxf5 $19 42. Ne2 {[#]} (42. Reg3 $17 Bg6 43. h4) 42... Rd6 $1 43. Nf4 Bh7 44. Rge1 {[%csl Ge1][%cal Re3e8]} Rxf6 45. Re8+ Kg7 46. Kg3 {Strongly threatening Nh5+.} Bg6 $2 ({Black should play} 46... Rf5 $19 {Threatens to win with ...d4.} 47. Rc8 Ne5) 47. Nxd5 $11 Rd6 48. Ne3 $2 (48. Nf4 $11 {and White has nothing to worry.}) 48... Rd3 $19 49. Kf4 Nd4 ({But not} 49... Rxa3 50. Nd5 $19) 50. a4 $2 (50. Rc8) 50... c3 51. axb5 axb5 52. Rc8 {[#]} c2 $1 {[%mdl 512]} 53. Nxc2 (53. h4 $142) 53... Rf3+ 54. Ke5 Nxc2 55. Rb1 Na3 56. Ra1 Rb3 57. Kd6 Nc2 {Black is clearly winning.} 58. Raa8 Rxb4 59. Rg8+ Kf6 60. Kc5 Rh4 61. Kxb5 Rxh2 62. Kc5 Ne3 63. Ra6+ Kg5 64. Re8 Nf5 65. Re1 h5 {[%cal Bh6h5,Bh5h4,Bh4h3][%mdl 32]} 66. Kd5 (66. Rg1+ $142 Kh6 67. Rf1) 66... h4 67. Ke5 Ng3 68. Kd4 Rg2 69. Ke3 h3 70. Ra5+ f5 {[%cal Bf7f5,Bf5f4][%mdl 32]} 71. Ra8 f4+ 72. Kd4 Rd2+ {Precision: White = 28%, Black = 73%.} 0-1

[Event "Lichtenrader Herbst 2018"]
[Site "Berlin"]
[Date "2018.11.01"]
[Round "6"]
[White "Stern, Rene"]
[Black "Florstedt, Johannes"]
[Result "1-0"]
[WhiteElo "2527"]
[BlackElo "2310"]
[Annotator "TA"]
[PlyCount "137"]
[EventDate "2018.10.27"]
[EventType "swiss"]
[EventCountry "GER"]
[SourceTitle "playchess.com"]
[Source "ChessBase"]
[SourceQuality "1"]

{[%evp 21,137,0,9,0,0,0,0,-23,0,0,0,0,8,0,5,0,0,0,0,0,54,54,54,54,54,53,74,72,72,74,78,79,72,44,56,37,35,35,35,35,35,26,26,26,26,23,17,23,19,14,14,15,15,18,15,0,0,0,18,0,14,14,24,0,26,25,26,24,43,43,43,43,43,43,85,89,81,34,59,60,115,111,136,95,87,111,130,112,111,69,69,3,94,70,345,324,316,317,345,312,335,316,372,344,873,814,2626,2014,5065,4727,2124,4618,29961,29962,29981,29982,29985,29985]} 1. Nf3 c5 2. e3 Nc6 3. d4 cxd4 4. exd4 d5 5. c3 Nf6 6. Bf4 Bf5 7. Bd3 {B13: Caro-Kann: Exchange Variation and Panov-Botvinnik Attack} (7. Qb3 Qc8 8. Nbd2 e6 9. Nh4 Bg4 10. h3 Bh5 11. Bd3 Be7 12. O-O a6 13. Rae1 Nd7 14. Ndf3 b5 {1-0 (32) Nisipeanu,L (2672)-Laznicka,V (2654) Germany 2018}) 7... Bxd3 8. Qxd3 e6 9. Nbd2 Bd6 10. Bxd6 Qxd6 11. O-O O-O {LiveBook: 4 Games} 12. Qe2 b5 $146 ({Predecessor:} 12... Rfe8 13. Ne5 Nd7 14. Ndf3 Ndxe5 15. Nxe5 Nxe5 16. Qxe5 Qxe5 17. dxe5 Kf8 {½-½ (17) Bakos,A (1881)-Orosz,K (1903) Hungary 2007}) 13. a3 Nd7 {[%cal Bf6d7,Bd7b6,Bb6c4][%mdl 32]} 14. b4 a6 15. Nb3 Nb6 16. Nc5 Nc4 17. a4 bxa4 18. Nd2 Nxd2 19. Qxd2 a5 20. b5 $36 {[%mdl 2048] White is more active.} Ne5 (20... Nb8 $11) 21. Qf4 $1 $14 {[%cal Rf4e5]} Nc4 22. Qxd6 Nxd6 23. b6 Rfe8 24. Rfb1 Rab8 25. b7 Re7 26. Rxa4 Nc4 27. g3 Kf8 28. Rb5 Rc7 29. Rxc4 dxc4 30. Rxa5 {[%mdl 4096] Endgame KRR-KRN} Ke7 31. Kg2 Kd6 32. Kf3 Rbxb7 {[#] Hoping for ...Ra7.} 33. Ra6+ Kd5 34. Nxb7 Rxb7 $11 {KR-KR} 35. Ra5+ Kd6 36. Rc5 Rc7 37. Rb5 Ra7 38. Rc5 Rc7 39. Ra5 Rb7 40. Ra6+ Kd5 41. Ra8 Kd6 42. Rd8+ Rd7 43. Rg8 g6 44. Ke4 Rc7 45. Rd8+ Ke7 46. Ra8 h5 47. h4 Kf6 48. Ra5 Ke7 49. d5 exd5+ 50. Kxd5 Rd7+ (50... f6 $14) 51. Kxc4 $16 Rd2 52. Re5+ Kd6 53. f4 Rg2 54. Re3 Rg1 55. Kd3 Rd1+ 56. Ke4 (56. Ke2 $14 Rg1 57. Rd3+ Ke6 58. Kf2) 56... Ke6 (56... f5+ $11 57. Kf3 Rc1) 57. Kf3+ Kf6 $2 {[%mdl 8192] [#]} (57... Kd5 $14) 58. Ke2 $1 $18 {[%cal Re2d1]} Rd7 59. c4 {[%cal Bc3c4,Bc4c5][%mdl 32]} Kf5 60. Kf3 f6 61. c5 Rc7 62. Rc3 g5 $2 (62... Ke6 63. Ke4 Rd7 64. f5+ gxf5+ 65. Kf3 Rc7) 63. fxg5 fxg5 64. hxg5 Kxg5 65. Ke4 Kf6 66. Kd5 Ke7 67. c6 {White mates.} Kd8 68. Ra3 Rc8 69. Kd6 {Precision: White = 64%, Black = 51%.} 1-0

[Event "Lichtenrader Herbst 2018"]
[Site "Berlin"]
[Date "2018.11.01"]
[Round "6"]
[White "Starostits, Ilmars"]
[Black "Maetzkow, Maximilian Paul"]
[Result "1-0"]
[WhiteElo "2454"]
[BlackElo "2207"]
[Annotator "TA"]
[PlyCount "103"]
[EventDate "2018.10.27"]
[EventType "swiss"]
[EventCountry "GER"]
[SourceTitle "playchess.com"]
[Source "ChessBase"]
[SourceQuality "1"]

{[%evp 12,103,10,-2,3,7,14,6,0,-19,-27,-14,11,0,0,0,30,35,145,157,133,139,139,138,139,141,340,284,285,292,300,342,304,301,320,318,304,289,251,146,172,136,143,143,140,140,141,129,121,121,129,123,116,108,104,98,102,110,115,90,89,93,83,92,116,79,87,63,135,146,259,259,259,259,259,251,250,249,403,403,403,400,400,399,302,360,402,387,380,247,531,517,29981,29982]} 1. e4 c5 2. Nc3 Nc6 3. Bb5 Nd4 4. Bc4 e6 5. Nf3 Ne7 6. O-O {B30: Sicilian: 2...Nc6 3 Bb5, lines without ...g6} (6. Nxd4 cxd4 7. Ne2 Qc7 8. Bb3 f5 9. d3 fxe4 10. dxe4 Nc6 11. O-O Bc5 12. Nf4 O-O 13. Nd3 Be7 14. Bd2 Na5 15. Bxa5 Qxa5 {1-0 (24) Najer,E (2626)-Savchenko,B (2602) Moscow 2013}) 6... a6 7. a4 {LiveBook: 12 Games} d5 8. Ba2 {The position is equal.} Nxf3+ 9. Qxf3 {[%cal Re4d5]} d4 10. Ne2 Nc6 11. d3 Be7 12. Bd2 $146 ({Predecessor:} 12. Qh5 g6 13. Qh6 Bf8 {1-0 (40) Manilyk,A (2143)-Kernazhitsky,L (2344) Kiev 2006}) 12... O-O 13. Qh5 b5 14. f4 bxa4 (14... g6 $14 15. Qh6 Bf6) 15. Rf3 $1 $16 {Black must now prevent f5.} g6 16. Qh6 f5 17. exf5 $40 {[%mdl 128] White wants a kill.} (17. Rh3 $6 Rf7 $11) 17... Rxf5 {...Rh5 is the strong threat.} 18. Ng3 Rf6 $2 (18... Bf8 $16 {was called for.} 19. Qh3 Rd5) 19. Ne4 {Threatens to win with Ng5.} Rf7 20. f5 $1 {[%cal Rf5g6,Bf4f5,Bf5e6][%mdl 32]} Ne5 {[#]} 21. fxe6 $1 {[%mdl 512]} Nxf3+ 22. gxf3 Rf5 {[#]} (22... Rxf3 $2 23. Ng5 $18) 23. Ng5 $1 {[%mdl 512]} Rxg5+ (23... Bxg5 24. e7+) 24. Bxg5 Ra7 {[#]} 25. Bc4 (25. Bf6 $1 $18 {[%csl Gf6][%cal Rh6g7][%mdl 512]} Qf8 (25... Bxf6 26. e7+) 26. Qg5) 25... Qf8 26. Qxf8+ Kxf8 27. Bh6+ Ke8 28. Rxa4 Bf6 29. Bf4 Ke7 30. Ra5 Bxe6 31. Rxc5 a5 32. b3 Bd7 33. Kf2 a4 {[#]} 34. bxa4 $1 Bxa4 35. Bd5 Bd7 36. Ke2 g5 37. Bb8 Ra6 38. Be4 h5 39. Kd2 Ra2 ({Black should play} 39... Ra1 $14) 40. f4 Rb2 (40... gxf4 $16 41. Rxh5 (41. Bxf4 Ra1 $16) 41... Ra1 42. Rh7+ (42. Bxf4 $2 Bg4 $19) 42... Kd8) 41. fxg5 $18 Bxg5+ 42. Rxg5 Rxb8 43. Rxh5 {[%mdl 4096] Endgame KRB-KRB} Rf8 44. Re5+ Be6 $2 (44... Kd8 {keeps fighting.} 45. Rd5 Ke7 46. Rxd4 Rf2+ 47. Kc3 Bg4) 45. Bd5 Kd6 46. Rxe6+ Kxd5 {KR-KR} 47. Rh6 Rf2+ 48. Kc1 Kc5 49. Kb2 Rf1 50. Rh5+ Kb4 $2 (50... Kd6 51. Kb3 Rb1+ 52. Kc4 Rc1 53. Kxd4 Rxc2 54. Rh6+ Ke7) 51. Rd5 Rf4 (51... Rf7 $18 52. Rxd4+ Kc5) 52. Rxd4+ {Precision: White = 72%, Black = 44%.} 1-0

[Event "Lichtenrader Herbst 2018"]
[Site "Berlin"]
[Date "2018.11.01"]
[Round "6"]
[White "Rakotomaharo, Fy Antenaina"]
[Black "Stets, Dmitry"]
[Result "1/2-1/2"]
[WhiteElo "2422"]
[BlackElo "2373"]
[Annotator "TA"]
[PlyCount "94"]
[EventDate "2018.10.27"]
[EventType "swiss"]
[EventCountry "GER"]
[SourceTitle "playchess.com"]
[Source "ChessBase"]
[SourceQuality "1"]

{[%evp 28,94,53,49,60,27,43,18,11,15,18,36,19,0,0,-32,-35,-64,-57,-65,-54,-66,-49,-66,-68,-44,-24,-39,-16,-17,-13,-23,0,-8,-8,-24,-16,-35,-29,-126,-104,-144,-120,-138,-115,-121,-120,-208,-196,-303,-185,-159,-8,-111,0,0,0,0,0,0,0,0,0,0,0,0,0,0,0]} 1. e4 c5 2. Nf3 d6 3. d4 Nf6 4. Nc3 cxd4 5. Nxd4 g6 6. Be3 Bg7 7. f3 O-O 8. Qd2 Nc6 9. O-O-O d5 10. Qe1 e5 11. Nxc6 bxc6 12. exd5 Nxd5 13. Bc4 Be6 14. Kb1 {B76: Sicilian Dragon: Yugoslav Attack, 9 g4 and 9 0-0-0} Rb8 15. Bb3 {LiveBook: 3 Games} (15. Ne4 Qc7 16. Bc5 Rfd8 17. g4 h6 18. Bb3 a5 19. Rg1 Rd7 20. h4 Rbd8 21. a4 Nf4 22. Rxd7 Rxd7 23. Bxe6 Nxe6 {½-½ (32) Anand,V (2776)-Nakamura,H (2787) Moscow 2018}) 15... a5 $146 ({Predecessor:} 15... Qe7 16. Ne4 Nxe3 17. Qxe3 Bxb3 18. axb3 f5 19. Nc3 Rb4 20. Rhe1 a5 21. g4 fxg4 22. fxg4 e4 23. Na4 Qe5 24. c3 Rxb3 25. Qxe4 Qxe4+ 26. Rxe4 Rbb8 27. h4 Rf3 28. Ka2 {½-½ (28) Hesse,O (2410)-Colin,S (2437) ICCF email 2016}) 16. Bc5 {White is slightly better.} e4 $1 {[%cal Re4f3]} 17. Bxf8 (17. Nxe4 a4 $17) (17. Na4 {seems wilder.} Re8 18. Qxe4 Qg5 19. Bd6 Rbc8 20. Rhg1) 17... Nxc3+ 18. Qxc3 (18. bxc3 $2 Qxf8 19. Qxe4 c5 $19) 18... Bxc3 19. Rxd8 Rxd8 20. Bc5 Bxb3 21. axb3 $11 {[%mdl 4096] Endgame KRB-KRB} (21. cxb3 {is interesting.} Be5 22. Kc2 Bf4 23. g3 Rd2+ 24. Kc3) 21... Bb4 22. Be3 exf3 23. gxf3 Re8 24. Bb6 Re5 25. Rd1 Kf8 26. Bc7 Rf5 27. Rd3 h5 28. Kc1 Rg5 29. Bg3 Rf5 30. Kd1 Ke7 31. c3 Bc5 32. Bc7 Ke6 33. Ke2 (33. Bg3 $11 {remains equal.}) 33... Rg5 $17 34. Rd1 Rg2+ 35. Kd3 Bd6 36. Bxd6 Kxd6 {KR-KR} 37. Kc4+ (37. h4 $17) 37... Ke5 $19 38. Kc5 (38. h4 $142) 38... Rxb2 39. Kxc6 Rxb3 $2 (39... Rxh2 $17 40. c4 Rc2) 40. c4 $1 $11 {[%cal Bc3c4,Bc4c5,Bc5c6,Bc6c7][%mdl 32]} Rc3 (40... Rxf3 41. c5) ({Black should play} 40... a4 $17 {aiming for ...a3.} 41. Rd5+ Kf6) 41. c5 {The position is equal.} Kf4 42. Kb6 a4 {[%cal Ba5a4,Ba4a3,Ba3a2][%mdl 32]} 43. c6 {c7 is the strong threat.} a3 ({Don't play} 43... Kxf3 $6 44. c7 $16) 44. c7 {[#] Strongly threatening Rd3!} a2 ({Avoid the trap} 44... Kxf3 $2 {[#]} 45. Rd3+ $1 {[%mdl 512]} Rxd3 46. c8=Q $16) 45. Ra1 Rb3+ 46. Ka7 Ra3+ 47. Kb7 Rb3+ {Precision: White = 51%, Black = 61%.} 1/2-1/2

[Event "Lichtenrader Herbst 2018"]
[Site "Berlin"]
[Date "2018.11.01"]
[Round "6"]
[White "Schmuecker, Marcus"]
[Black "Shishkin, Vadim"]
[Result "1/2-1/2"]
[WhiteElo "2271"]
[BlackElo "2453"]
[Annotator "TA"]
[PlyCount "111"]
[EventDate "2018.10.27"]
[EventType "swiss"]
[EventCountry "GER"]
[SourceTitle "playchess.com"]
[Source "ChessBase"]
[SourceQuality "1"]

{[%evp 19,111,19,18,21,20,8,20,-4,28,16,24,24,22,27,33,33,42,37,43,24,61,63,69,72,113,103,120,101,138,128,160,161,209,116,322,320,318,306,405,400,488,471,488,429,400,379,450,442,410,409,332,0,0,0,0,0,8,0,0,0,0,0,0,0,0,0,0,0,0,0,0,0,0,0,0,0,0,0,0,0,0,-29981,0,0,0,0,0,0,0,0,0,0,0,0]} 1. d4 Nf6 2. c4 g6 3. Nc3 d5 4. cxd5 Nxd5 5. e4 Nxc3 6. bxc3 Bg7 7. Be3 c5 8. Rc1 Qa5 9. Qd2 O-O 10. Nf3 Rd8 11. Be2 {D85: Exchange Grünfeld: Unusual White 7th moves and lines with 7 Nf3} (11. d5 e6 12. Bg5 f6 13. Be3 Nc6 14. Bd3 Ne7 15. c4 Qxd2+ 16. Bxd2 b6 17. O-O Ba6 18. Rfe1 Rac8 19. Bf1 exd5 20. exd5 {1-0 (46) Yu,Y (2759)-Svidler,P (2753) Shenzhen 2018}) 11... Nc6 12. d5 e6 13. c4 Qxd2+ (13... Nb4 {seems wilder.} 14. O-O b6 15. Ra1 exd5 16. cxd5 Ba6) 14. Bxd2 Nd4 15. Nxd4 Bxd4 16. Bc3 {[#]} Bxc3+ $146 ({Predecessor:} 16... b5 17. Bxd4 cxd4 18. cxb5 exd5 {1-0 (57) Geller,J (2539)-Smirnov,P (2518) Irkutsk 2010}) 17. Rxc3 b6 18. h4 {[%cal Bh2h4,Bh4h5,Bh5h6][%mdl 32]} Re8 19. h5 g5 20. h6 exd5 21. exd5 Bd7 22. Kd2 Re4 23. Rg3 f6 {[#]} 24. Bd3 $1 {[%cal Rd3e4]} Rd4 25. Kc3 a6 26. Re1 (26. Re3 $18) 26... Re8 $2 (26... Rf8 $16) 27. Rxe8+ $18 Bxe8 {[%mdl 4096] Endgame KRB-KRB} 28. Re3 Bf7 {and the idea ...b5 leaves Black hopeful.} 29. Re7 b5 30. Rc7 Bg6 31. Rc8+ Kf7 32. Bxg6+ Kxg6 33. Rxc5 {KR-KR} Rd1 34. cxb5 Rc1+ 35. Kb4 $2 ({Only move:} 35. Kd4 $18 Rd1+ 36. Ke4 axb5 37. Rxb5) 35... a5+ $1 $11 36. Kxa5 Rxc5 {KR-KP} 37. a4 {Ka6 is the strong threat.} Kf7 {aiming for ...Ke7.} ({Not} 37... Kxh6 $2 38. Ka6 $18) 38. Ka6 {Threatens to win with b6.} Ke7 ({Don't blunder} 38... Rxd5 $2 39. b6 $18) 39. b6 Kd6 ({But not} 39... Rxd5 $2 40. b7 $18) (39... Kd7 $5 40. b7 $8 Kc7 41. d6+ Kb8 $11) 40. b7 Kc7 {[#]} 41. d6+ $1 {[%mdl 512]} Kb8 (41... Kxd6 42. b8=Q+) 42. Kb6 Rd5 43. Kc6 Rd2 44. d7 f5 45. g3 f4 46. gxf4 gxf4 47. f3 Rd3 48. a5 Rd2 49. a6 Rd3 {[#]} (49... Rd1 $5) 50. a7+ $1 {[%mdl 512]} Kxa7 {( -> ...Kb8)} 51. Kc7 {The position is equal.} Rc3+ 52. Kd6 Rd3+ 53. Ke7 Re3+ 54. Kf7 Rd3 55. Ke7 Re3+ 56. Kf7 {Precision: White = 69%, Black = 46%.} 1/2-1/2

[Event "Lichtenrader Herbst 2018"]
[Site "Berlin"]
[Date "2018.11.02"]
[Round "7"]
[White "Starostits, Ilmars"]
[Black "Stern, Rene"]
[Result "1-0"]
[WhiteElo "2454"]
[BlackElo "2527"]
[Annotator "TA"]
[PlyCount "43"]
[EventDate "2018.10.27"]
[EventType "swiss"]
[EventCountry "GER"]
[SourceTitle "playchess.com"]
[Source "ChessBase"]
[SourceQuality "1"]

{[%evp 1,1,23]} 1. d4 {Predecessor:} Nf6 $146 2. Nf3 d5 3. c4 e6 4. Nc3 c5 5. cxd5 Nxd5 6. e4 Nxc3 7. bxc3 cxd4 8. cxd4 Bb4+ 9. Bd2 Bxd2+ 10. Qxd2 O-O 11. Bc4 Nd7 12. O-O b6 13. Rad1 Bb7 14. Rfe1 Rc8 15. Bb3 Re8 16. h3 Nf6 17. Qf4 Nh5 18. Qh2 h6 19. d5 exd5 20. e5 g6 21. Nd4 Ng7 22. Nb5 {½-½ (54) Mamedyarov,S (2820)-Ding,L (2804) Batumi 2018} 1-0

[Event "Lichtenrader Herbst 2018"]
[Site "Berlin"]
[Date "2018.11.02"]
[Round "7"]
[White "Rakotomaharo, Fy Antenaina"]
[Black "Tomov, Georgi"]
[Result "1-0"]
[WhiteElo "2422"]
[BlackElo "2332"]
[Annotator "TA"]
[PlyCount "91"]
[EventDate "2018.10.27"]
[EventType "swiss"]
[EventCountry "GER"]
[SourceTitle "playchess.com"]
[Source "ChessBase"]
[SourceQuality "1"]

{[%evp 21,91,13,41,12,29,0,37,38,31,23,20,-12,17,16,52,-6,-11,-22,-22,-20,-17,-25,-22,-26,-26,-8,0,-28,-18,-35,-32,-49,-47,-62,-71,-84,-85,-91,-38,-39,-37,-32,-31,-32,-42,-31,0,0,0,0,0,0,0,0,0,0,253,253,240,239,385,316,539,520,1600,1435,1292,753,1852,1639,12842,12841]} 1. e4 c6 2. d4 d5 3. e5 Bf5 4. Nf3 e6 5. Be2 c5 6. Be3 cxd4 7. Nxd4 Ne7 8. Nd2 {B12: Caro-Kann: Advance Variation} (8. O-O Nbc6 9. Bb5 a6 10. Bxc6+ Nxc6 11. Nxf5 exf5 12. c3 Qd7 13. Re1 Be7 14. Nd2 O-O 15. Nf3 Qe6 16. Qb3 b5 {1-0 (40) Dominguez Perez,L (2739)-So,W (2780) Saint Louis 2018}) 8... Nbc6 9. N2f3 Be4 10. O-O Bxf3 11. Nxf3 g6 {LiveBook: 7 Games} 12. Qd2 Bg7 13. Bh6 $146 ({Predecessor:} 13. Bf4 Qc7 14. Rfe1 O-O 15. Bd3 Rac8 {1-0 (39) Pecis,G (2370)-Bianchin,R (2192) ICCF email 2009}) 13... O-O 14. Bxg7 Kxg7 15. Rfe1 Nf5 16. a4 Qe7 17. Ra3 Qb4 {next ...Qxd2 is good for Black.} 18. Qxb4 (18. c3 $14 Qe7 19. Bd3) 18... Nxb4 $11 19. g4 Nxc2 20. gxf5 gxf5 21. Rb3 Nxe1 22. Nxe1 Rab8 23. Kg2 Rfc8 24. Nd3 Rc2 25. Nf4 Kf8 26. a5 Ke7 27. a6 Rg8+ 28. Kf3 b6 29. Bd3 Rc1 (29... Rc5 $17 30. Rb4 Rg5) 30. Ne2 $15 Rc5 {And now ...f6 would win.} 31. Ke3 f6 32. f4 fxe5 33. fxe5 Rg2 (33... d4+ $5 34. Nxd4 Rxe5+ 35. Kf2 Rc5 $15) 34. Nd4 Rxh2 {White must now prevent ...h5.} 35. Nb5 Rh3+ 36. Kd2 Rh2+ $1 37. Be2 Kd7 38. Nxa7 d4 $2 {[%mdl 8192] [#]} (38... f4 $1 $11 {and Black is okay.} 39. Kd1 Rh1+ 40. Kd2 Rh2) 39. Nb5 $1 $18 Rxe5 40. Nxd4 Ra5 (40... Rexe2+ {was called for.} 41. Nxe2 Kc7) 41. Rxb6 h5 $2 (41... Ra4 42. Nxe6 Kc8) 42. Kc3 {White is clearly winning.} h4 (42... Kc7 $142) 43. Bb5+ Kc7 44. Rc6+ Kb8 45. Rxe6 {[#] Intending Nc6+ and mate.} Ra1 46. Re7 {Precision: White = 57%, Black = 37%.} 1-0

[Event "Lichtenrader Herbst 2018"]
[Site "Berlin"]
[Date "2018.11.02"]
[Round "7"]
[White "Stets, Dmitry"]
[Black "Glantz, Robert"]
[Result "1/2-1/2"]
[WhiteElo "2373"]
[BlackElo "2285"]
[Annotator "NA"]
[PlyCount "80"]
[EventDate "2018.10.27"]
[EventType "swiss"]
[EventCountry "GER"]
[SourceTitle "playchess.com"]
[Source "ChessBase"]
[SourceQuality "1"]
[TimeControl "40/5400+30:1800+30"]

1. e4 {[%emt 0:00:00]} c5 {[%emt 0:00:00]} 2. Nc3 {[%emt 0:00:00]} Nc6 {[%emt 0:00:14]} 3. Nge2 {[%emt 0:00:00]} e6 {[%emt 0:00:18]} 4. d4 {[%emt 0:00:15]} cxd4 {[%emt 0:00:08]} 5. Nxd4 {[%emt 0:00:08]} Qc7 {[%emt 0:00:25]} 6. Be3 {[%emt 0:00:31]} a6 {[%emt 0:00:23]} 7. Qf3 {[%emt 0:00:32] B48: Sicilian: Taimanov: 5 Nc3 Qc7 6 Be3 a6 without Be2} Bd6 {[%emt 0:01:25]} (7... Nf6 8. O-O-O Ne5 9. Qg3 b5 10. a3 Bb7 11. Bxb5 Rc8 12. Ba4 Nxe4 13. Nxe4 Bxe4 14. Bf4 Qc4 15. Bxe5 Qxa4 {1-0 (38) Vachier Lagrave,M (2789)-Anand,V (2776) Karlsruhe/Baden-Baden 2018}) 8. O-O-O {[%emt 0:03:01]} Be5 {[%emt 0:00:47]} 9. g3 {[%emt 0:26:29]} Nge7 {[%emt 0:01:31]} 10. Qe2 {[%emt 0:06:49]} b5 {[%emt 0:02:52]} 11. f4 {[%emt 0:02:24]} Bxd4 {[%emt 0:00:15]} 12. Bxd4 {[%emt 0:00:10]} Nxd4 {[%emt 0:00:18]} 13. Rxd4 {[%emt 0:00:05]} Rb8 $146 {[%emt 0:00:54]} ({Predecessor:} 13... O-O 14. Bg2 Rb8 {1-0 (30) Potrata,J (2296)-Roehl Montes,J ICCF email 2015}) 14. e5 {[%emt 0:01:42]} O-O {[%emt 0:42:25]} 15. Bg2 {[%emt 0:04:43]} f6 {[%emt 0:06:30]} 16. exf6 {[%emt 0:00:28]} gxf6 {[%emt 0:01:55]} 17. Rhd1 {[%emt 0:06:36]} b4 {[%emt 0:07:20]} 18. Ne4 {[%emt 0:01:01]} d5 {[%emt 0:00:24]} 19. Nd2 {[%emt 0:04:22]} Kh8 {[%emt 0:02:08]} 20. Nf3 {[%emt 0:03:03]} a5 {[%emt 0:00:36]} 21. Kb1 {[%emt 0:10:40] [#]} a4 $1 {[%emt 0:02:27]} 22. Qd2 {[%emt 0:03:05]} Qc5 {[%emt 0:02:40]} 23. Rd3 {[%emt 0:01:33]} Nf5 {[%emt 0:06:09]} 24. g4 {[%emt 0:05:37]} Nd6 {[%emt 0:00:29]} 25. Qe3 {[%emt 0:00:28]} Qxe3 {[%emt 0:06:08]} 26. Rxe3 {[%emt 0:00:06]} Ne4 {[%emt 0:00:38]} 27. h3 {[%emt 0:03:22]} Rb6 {[%emt 0:03:38]} 28. a3 {[%emt 0:02:05]} Ba6 {[%emt 0:01:41]} 29. axb4 {[%emt 0:00:54]} Rxb4 {[%emt 0:00:29]} 30. Rd4 {[%emt 0:01:34]} (30. c3 $11 Rb6 31. Ne1) 30... Bc4 {[%emt 0:03:12]} 31. c3 {[%emt 0:01:13] [#]} Rb6 {[%emt 0:00:11]} ({Better is} 31... Rb3 $1 $19 32. Rxc4 Rfb8) 32. Nd2 {[%emt 0:04:47]} Nxd2+ {[%emt 0:01:20]} 33. Rxd2 {[%emt 0:00:06]} Rfb8 {[%emt 0:00:33]} 34. Bf3 {[%emt 0:02:32] [#]} Kg7 $11 {[%emt 0:01:23]} ({Black should try} 34... Rb3 $1 $17 35. Be2 {[#]} d4 $1 {[%mdl 512]} 36. Bxc4 dxe3 37. Bxb3 exd2 38. Bxa4 e5) 35. Bd1 {[%emt 0:01:20]} a3 {[%emt 0:01:24]} 36. b4 {[%emt 0:00:06]} Rd6 {[%emt 0:01:22]} 37. Be2 {[%emt 0:01:58]} Bb3 {[%emt 0:01:00]} 38. Bd1 {[%emt 0:00:55]} Bc4 {[%emt 0:01:11]} 39. Be2 {[%emt 0:00:36]} Bb3 {[%emt 0:00:41]} 40. Bd1 {[%emt 0:00:07]} Bc4 {[%emt 0:00:39]} 1/2-1/2